000 00580nai a22001937a 4500
003 OSt
005 20170602112222.0
008 170321b xxu||||| |||| 00| 0 eng d
022 _a07977-888X
040 _aBMC
_cBMC
082 _a338.1
245 0 0 _aBiodiversidad, cultivos y culturas
_b: Diciembre
260 _aEspaƱa
_bREDES-AT
_bGRAIN
_c1995
300 _a34 p.
_c28 cm
490 _aRedes, amigos de la tierra
_v6
505 _aContiene: El derecho de los pueblos a la biodiversidad.- Conservar produciendo.-
650 2 4 _96390
_aAgricultura integrada
942 _2ddc
_cPR
999 _c27352
_d27352